MARC

LEADER 00000nam0a2200000 4500
001 224182
005 20231101230556.0
010 |b 1000 экз. 
035 |a (RuTPU)RU\TPU\book\244472 
090 |a 224182 
100 |a 20121020d1926 m y0rusy50 ca 
101 0 |a rus 
102 |a RU 
105 |a y z 000zb 
200 1 |a Н. И. Лобачевский  |e К столетию открытия неевклидовой геометрии  |f Ин. Н. Рукавицын 
210 |a Иркутск  |c Издание Иркутской секции научных работников  |c Типография издательства "Власть Труда"  |d 1926 
215 |a 32 с. 
225 1 |a Научно-популярная серия  |h № 2 
600 1 |a Лобачевский  |g Николай Иванович  |c российский математик  |f 1792-1856  |b Н. И.  |2 stltpush  |3 (RuTPU)RU\TPU\pers\981 
606 1 |a Лобачевского геометрия  |2 stltpush  |3 (RuTPU)RU\TPU\subj\40545  |9 60390 
610 1 |a Казанский университет 
610 1 |a история 
610 1 |a биографические сведения 
610 1 |a геометрия 
610 1 |a геометрические вычисления 
610 1 |a неевклидова геометрия 
675 |a 514.13(092)  |v 3 
700 1 |a Рукавицын  |b Ин. Н. 
801 1 |a RU  |b 63413507  |c 20121020 
801 2 |a RU  |b 63413507  |c 20181226  |g RCR 
942 |c BK